Meilleurs buteurs du Tournoi Maurice-Revello (ex Tournoi de Toulon) - Statistiques

Statistiques générales
  • Ce quiz a été pris 3 fois
  • Le résultat moyen est 19 sur 69
Statistiques - réponses
Année Pays Initiale(s) Meilleur(s) buteur(s) % Correct
2007 France K.G Kevin Gameiro
67%
2005 Portugal R. V T Ricardo Vaz Tê
67%
2025 France S.N Steve Ngoura
67%
2015 Maroc A.B Achraf Bencharki
33%
1996 Brésil A Adaílton
33%
2013 Portugal A Aladje
33%
1991 Angleterre A.S Alan Shearer
33%
2023 Panama A.O Angel Orelien
33%
1994 Belgique B.P Bob Peeters
33%
1997 Portugal C Carlitos
33%
2017 Angola C.B Chico Banza
33%
2006 France D.G David Gigliotti
33%
1988 France D.Z David Zitelli
33%
2009 Argentine D.B Diego Buonanotte
33%
2001 France D.C Djibril Cissé
33%
2018 Mexique E.A Eduardo Aguirre
33%
1998 Angleterre E.H Emile Heskey
33%
1993 France F.M Florian Maurice
33%
2003 Italie F.R Francesco Ruopolo
33%
1977 France G.S Gérard Soler
33%
2003 Argentine G.H German Herrera
33%
2009 Chili G.M Gerson Martinez
33%
2017 Angleterre H.B Harvey Barnes
33%
2023 Japon H.I Hisatsugu Ishii
33%
2014 France J-C.B Jean-Christophe Bahebeck
33%
1985 France J-P.P Jean-Pierre Papin
33%
1997 États-Unis J.W Josh Wolff
33%
1967 République Tchèque J.C Jozef Capkovic
33%
1986 Hongrie J.Z Jozsef Zvara
33%
1983 Côte d'Ivoire K.O Kamon O'Keeffe
33%
2024 Japon K.S Kento Shiogai
33%
1978 Hongrie L.N Laszlo Nagy
33%
1982 France L.P Laurent Paganelli
33%
2016 Angleterre L.B Lewis Baker
33%
2001 Portugal L.L Luis Lourenço
33%
2003 Portugal L.L Luís Lourenço
33%
2012 Mexique M.F Marco Fabián
33%
1990 Angleterre M.R Mark Robins
33%
2019 Brésil M C Matheus Cunha
33%
2023 France M.T Mathys Tel
33%
1984 Algérie M.Z Meziane Zaghzi
33%
2010 Danemark N. B N Nicki Bille Nielsen
33%
1996 Portugal N.G Nuno Gomes
33%
1992 Portugal R.C Rui Costa
33%
2002 Japon S.N Satoshi Nakayama
33%
1981 Italie S.F Sauro Fattori
33%
2008 Côte d'Ivoire S.C Sekou Cissé
33%
2022 France S.M Sekou Mara
33%
1979 Argentine S.F Sergio Fortunato
33%
2011 France S.J-M Steeven Joseph-Monrose
33%
1997 France T.H Thierry Henry
33%
2000 Colombie T.M Tressor Moreno
33%
2013 Brésil V A Vinícius Araújo
33%
2002 Italie A.P Alessandro Pellicori
0%
1975 Hongrie A.T Andras Torocsik
0%
2004 France B.B Bryan Bergougnoux
0%
2015 France E.C Enzo Crivelli
0%
1998 Portugal F.G Francisco Guerrero
0%
1995 France F.H Franck Histilloles
0%
2017 Angleterre G.H George Hisrt
0%
1997 Colombie G.V Gustavo Victoria
0%
2013 Mexique J.A José Abella
0%
1974 Hongrie J.S Jozsef Sipocs
0%
1987 Bulgarie L.P Luboslav Penev
0%
1980 République Tchèque L.P Lubos Pokluda
0%
1999 France P.L Peguy Luyindula
0%
1989 Bulgarie P.M Petar Mihtarski
0%
1976 Bulgarie R.Z Radoslav Zdravkov
0%
1982 République Tchèque S.G Stanislav Griga
0%
Aucun quiz correspondant
Distribution des résultats
% des personnes avec chaque résultat
Percentile par nombre de réponses
Votre historique - résultats
Vous n’avez pas pris ce quiz